00383nam a2200133Ia 4500100001200000942000700012654002000019245003700039260003700076300000900113546001200122999001700134952009800151 aAudels  cBK aAir Compressors aPumps Hydraulics Air Compressors bD.B. Tarapore valaaBombayc1964 a1006 aENGLISH c28536d28536 001040708AFTaCRCEbCRCEc1502 | 65d2023-03-17l0o pAFT6748r2023-03-17w2023-03-17yBK